| 000 | 00481nam a2200181Ia 4500 | ||
|---|---|---|---|
| 008 | 230714s9999 xx 000 0 und d | ||
| 020 | _a9790000000000 | ||
| 041 | _aeng | ||
| 082 |
_a620.1 _bMER |
||
| 100 | _aMeriam J.L. | ||
| 245 | _aEngineering Mechanics Vol.II Dynamics | ||
| 250 | _a5th ed. | ||
| 260 |
_c2009 _bJohn Wiley |
||
| 300 | _a710 | ||
| 365 |
_cRs. _b399.00 |
||
| 700 | _aMeriam J.L. & Kraige L.G. | ||
| 906 |
_dO:0061925-Feb-2010B:103203-Feb-2010 _cALLEDS _b399 |
||
| 999 |
_c199911 _d199911 |
||